000 00853cam a2200253 a 4500
008
020 _a9780230241855 (hbk.)
049 _aMAIN
090 _aHF5415.1255
_bCIT
245 0 0 _aCity branding :
_btheory and cases /
_cedited by Keith Dinnie.
260 _aHoundmills, Basingstoke, Hampshire [England] :
_bPalgrave Macmillan,
_c2011.
300 _axxix, 239 p. :
_bill. ;
_c25 cm.
500 _aIncludes index.
504 _aIncludes bibliographical references.
650 0 _aBranding (Marketing)
_vCase studies.
650 0 _aCity promotion
_vCase studies.
650 0 _aMunicipal government
_xPublic relations
_vCase studies.
700 1 _aDinnie, Keith.
907 _a.b10392063
_b20-09-18
_c14-09-18
003
005 20230123141122.0
040 _cNUST
942 _cBOOKS
_kHF5415.1255
_mCIT
999 _c168003
_d168003